000 01145nam a2200313 a 4500
999 _c1776
_d1776
005 20180904150806.0
008 140121b1999 ck ||||| |||| 00| 0 spa d
040 _aCO-BoIAVH
_cCO-BoIAVH
041 _aspa
090 _aIAvH
_b00131
100 _aAlvarez R., Mauricio
245 _aCaracterización de la biodiversidad en áreas prioritarias de la vertiente oriental de la cordillera oriental
260 _aVilla de Leyva (Boyacá)
_bInstituto Alexander von Humboldt
_bFundación Natura
_c1999
300 _a130 p.
650 2 6 _aCaracterización biológica
650 2 6 _aBiodiversidad
650 2 4 _aÁreas prioritarias de conservación
650 2 4 _aMétodos de campo
650 2 4 _aBosque andino
650 2 4 _aDiversidad alfa
650 2 4 _aDiversidad beta
650 2 6 _aDistribución geográfica
651 _aColombia
_zCordillera Oriental
700 1 _aEscobar Sarria, Federico
700 1 _aMendoza Cifuentes, Humberto
700 1 _aVillarreal Leal, Hector Fernando
856 _uhttp://hdl.handle.net/20.500.11761/34913
942 _cINFORME
_2z